|
|
|
|
| LEADER |
00000nam0a2200000 4500 |
| 001 |
345401 |
| 005 |
20231102005753.0 |
| 010 |
|
|
|a 5170130872
|
| 010 |
|
|
|a 5-271-07554-0
|
| 010 |
|
|
|a 5-98311-020-9
|
| 035 |
|
|
|a (RuTPU)RU\TPU\book\377238
|
| 090 |
|
|
|a 345401
|
| 100 |
|
|
|a 20201118d2004 m y0rusy50 ca
|
| 101 |
0 |
|
|a rus
|
| 102 |
|
|
|a RU
|
| 105 |
|
|
|a y z 000ay
|
| 200 |
1 |
|
|a Экспансия-II
|e роман
|f Ю. С. Семенов
|
| 210 |
|
|
|a Москва
|c АСТ
|c Астрель
|c АСТОЛ
|d 2004
|
| 215 |
|
|
|a 618 с.
|
| 225 |
1 |
|
|a Классика отечественного детектива
|
| 330 |
|
|
|a Романы "Экспансия 1", "Экспансия II", 2Экспансия III" переносят нас сначала в послевоенную франкистскую Испанию, а затем в Аргентину, где скрестились интересы разведок самых разных стран. И вновь полковник Исаев, проходя порою опасность буквально по лезвию бритвы, безукоризненно справляется с проведением сложнейшей операции по разоблачению планов нацистов.
|
| 488 |
|
1 |
|0 (RuTPU)RU\TPU\book\162761
|y 5-17-013086-4
|t Экспансия-I
|o роман
|f Ю. С. Семенов
|c Москва
|n АСТ
|n Астрель
|n АСТОЛ
|d 2004
|p 588 с.
|s Классика отечественного детектива
|a Семенов, Юлиан Семенович
|
| 488 |
|
|
|y 5-271-07555-9
|
| 488 |
|
|
|y 5-98311-019-5
|
| 606 |
1 |
|
|a Русская литература современная
|2 stltpush
|3 (RuTPU)RU\TPU\subj\26373
|9 50316
|
| 610 |
1 |
|
|a художественная литература
|
| 610 |
1 |
|
|a романы
|
| 610 |
1 |
|
|a исторические детективы
|
| 675 |
|
|
|a Р2
|v 4
|
| 700 |
|
1 |
|a Семенов
|b Ю. С.
|g Юлиан Семенович
|
| 801 |
|
1 |
|a RU
|b 63413507
|c 20201118
|
| 801 |
|
2 |
|a RU
|b 63413507
|c 20201207
|g RCR
|
| 942 |
|
|
|c BK
|